| 000 | 00676nam a22001937a 4500 | ||
|---|---|---|---|
| 005 | 20251108165935.0 | ||
| 008 | 250721s1995 xx 000 0 ara d | ||
| 082 | 1 | 4 | _aم/891.5/عرب |
| 100 | 1 | _aإبن عربشاه، أحمد بن محمد | |
| 245 | 1 | 0 |
_aفاكهة الخلفاء و مفاكهة الظرفاء : _bمن الأدب الفارسي / |
| 264 | 1 |
_aبيروت : _bدار المواسم، _c1995. |
|
| 300 | _a488ص | ||
| 490 | 0 | _aالأمثال و الحكم في آداب الشعوب و الامم ؛3 | |
| 650 | 1 | 7 | _aالأدب الفارسي |
| 650 | 1 | 7 | _aالأدب |
| 700 | 1 |
_aعاصي، حسن _eتحقيق |
|
| 942 |
_2ddc _cREF |
||
| 999 |
_c35416 _d35416 |
||